000 00945cam a22002291i 4500
003 SA-RiAUC
005 20260221115943.0
008 260203q19001999||| g 000 0 ara c
040 _aSA-JeALM
_bara
_cSA-RiAUC
_erda
082 0 4 _a237.2
090 _aم ن 237.2
_bك ت ا
100 1 _aالكتاني، محمد عبد الحي بن عبد الكبير،
_d1305-1382 هجري
_eمؤلف.
245 1 0 _aغنية المستفيد في مهم الأسانيد /
_cمحمد بن أبي المكارم عبد الكبير الإدريسي الكتاني.
264 1 _aتطوان :
_bالمطبعة المهدية،
_c[بين 1900 و1999]
300 _a40 صفحة؛
_c29 سم.
336 _aنص
_btxt
_2rdacontent
_3كتاب
337 _aبدون وسيط
_bn
_2rdamedia
338 _aمجلد
_bnc
_2rdacarrier
650 7 _aالحديث
_xالمسانيد
_2aucsh
942 _2ddc
_cRBOOK COPY
_n0
949 _aSA-JeALM
_d260203
_umohamedma123
_n1
999 _c14428
_d14428